Análisis ingenieria de los procesos químicos

Bibliographic Details
Main Authors: Peña Manrique, de la Ramón
Format: Section = Libro
Language:Undetermined
Spanish
Published: México Limusa 1981
Subjects:
LEADER 00497nam a2200193Ia 4500
008 240830s9999 xx 000 0 und d
020 |a 968-18-0106-7 
040 |a CEDOC FIQ-RUSB / 660.2 P397 
041 |a spa 
082 |a 660.2 P397 
100 1 |a Peña Manrique 
100 1 |b de la Ramón 
245 1 0 |a Análisis ingenieria de los procesos químicos 
260 |a México  |b Limusa  |c 1981 
300 |a 463 p. : il 
650 7 |a INGENIERIA QUIMICA 
942 |c BK  |2 ddc 
991 |a TEXTO 
999 |c 13506